Lanean...

Avian medicine

Xehetasun bibliografikoak
Egile nagusia: Jaime Samour
Formatua: Printed Book
Hizkuntza:Undetermined
Argitaratua: Mosby 2008
Edizioa:2
Gaiak:
LEADER 00595nam a2200229Ia 4500
008 141122s9999 xx 000 0 und d
040 |c . 
041 |a English 
082 |a 636.089443 
082 |b SAM/AV 
100 |a Jaime Samour 
245 |a Avian medicine  
245 |c Jaime Samour 
250 |a 2 
260 |b Mosby 
260 |c 2008 
300 |a 525 Pages 
500 |a Reference (J) 
650 |a Medicine 
942 |c REF 
999 |c 3832  |d 3832 
952 |0 0  |1 0  |4 0  |6 636_089443000000000_SAMAV  |7 0  |9 3792  |a COVAS  |b COVAS  |d 0000-00-00  |o 636.089443 SAM/AV  |p 19601  |r 2018-04-26  |w 2014-11-26  |y REF